000 00539nam a22001697a 4500
005 20251108165457.0
008 250721s1978 xx 000 0 ara d
082 1 4 _aم/398.91/أحم
100 1 _aالرومي، أحمد البشر
245 1 0 _aالأمثال الكويتية المقارنة /
264 1 _aالكويت :
_bوزارة الإعلام - مركز رعاية الفنون الشعبية،
_c1978.
300 _aج
650 1 7 _aالأمثال
700 1 _aكمال، صفوت
942 _2ddc
_cREF
999 _c28862
_d28862